1499 1536 1205 1926 1320 1120 1161 1622 1222 1214 1499 1637 1675 1897 1899 1637 1229 1567 1555 1606 1674 1037 1946 1220 1586 1020 1590 1275 1347 1090 1544 1643 1901 1207 1702 1330 1539 1209 1025 1653 1865 1697 1330 1720 1143 1924 1538 1460 1777 1894 1480 1854 1591 1503 1493 1228 1830 1813 1897 1838 1343 1727 1329 1320 1854 1584 1438 1352 1501 1646 1011 1352 1800 1000 1698 1736 1600 1923 1649 1034 1457 1835 1056 1925 1042 1552 1445 1896 1069 1941 1735 1808 1138 1264 1973 1289 1918 1324 1311 BCNSPRNW ULIB Ver.6.0+V

เปลี่ยนเป็นภาษาไทย

Change to English
 แสดงรายละเอียดบรรณานุกรม
  กลับหน้าหลัก

Brief Record : Get Marc (ISO 2709) : E-mail record : QR code < ปิดหน้าต่าง
LEADER : 00000nam 2200000uu 4500
001    13399115076
003     ULIB
008    120709s2541||||th 000 0 tha d
020    ^a9748633357
020    ^a9789748633350
060 04 ^aQS517^bw164ต 2541
245 00 ^aตำราภาพจุลพยาธิวิทยา =^bAtlas of histopathology /
246 31 ^aAtlas of histopathology
250    ^aพิมพ์ครั้งที่ 1
260    ^aกรุงเทพฯ :^bYear Book Publisher,^c2541
300    ^a332 หน้า :^bภาพประกอบสี ;^c30 ซม.
500    ^aSend to Single Search
650  0 ^aHistology, Pathological^xAtlases
650  0 ^aHistology^xAtlases
650  0 ^aPathology^xAtlases
650  2 ^aHistology^xatlases
650  2 ^aPathology^xatlases
650  4 ^aพยาธิวิทยา
650  4 ^aจุลกายวิภาคศาสตร์
700 1  ^aพงษ์ศักดิ์ วรรณไกรโรจน์,^eบรรณาธิการ
700 1  ^aพิเชฐ สัมปทานุกุล,^eบรรณาธิการ
945    ^p0^l0^i12851
995    ^aกัณชพร
999 ^a ใช้งานได้ทุกระบบ
รายการนี้ยังไม่มีแท็ก
คุณยังไม่ได้ล็อกอิน คุณสามารถมีกิจกรรมร่วมกับเว็บไซต์ได้ แต่ต้องล็อกอินก่อน ::
  ล็อกอิน

รายการสื่อสารสนเทศ

ลำดับที่ ประเภท เลขเรียก/บาร์โค้ด สถานที่ สถานะ
- ไม่พบข้อมูล -

รายการใกล้เคียง
    หัวเรื่อง [พยาธิวิทยา]
    หัวเรื่อง [จุลกายวิภาคศาสตร์]

BibComment


ยังไม่เคยถูกคอมเมนท์

คอมเมนท์ทรัพยากรรายการนี้
  คอมเมนท์: ตำราภาพจุลพยาธิว..


 Copyright 2026. Bcnsprnw @Library